Diccionario Español - Inglés, Ingles - Español
Αποθηκεύτηκε σε:
| Μορφή: | Βιβλίο |
|---|---|
| Γλώσσα: | Undetermined |
| Έκδοση: |
México, Distrito Federal
Ediciones Larousse
1996
|
| Θέματα: | |
| Ετικέτες: |
Προσθήκη ετικέτας
Δεν υπάρχουν, Καταχωρήστε ετικέτα πρώτοι!
|
MARC
| LEADER | 00000nam a2200000Ia 4500 | ||
|---|---|---|---|
| 008 | 170316s9999 xx 000 0 und d | ||
| 020 | |a 970-607-584-4 | ||
| 040 | |a cru BVZT | ||
| 090 | |a R-413 L-1d ING-ESP | ||
| 245 | |a Diccionario Español - Inglés, Ingles - Español | ||
| 260 | |a México, Distrito Federal | ||
| 260 | |b Ediciones Larousse | ||
| 260 | |c 1996 | ||
| 300 | |a 717 páginas | ||
| 650 | |a REFERENCIA |9 27 | ||
| 650 | 0 | |a DICCIONARIO |9 28 | |
| 650 | 0 | |a INGLÉS-ESPAÑOL |9 96 | |
| 942 | |c REF |2 z | ||
| 999 | |c 14714 |d 14714 | ||



